00604nam a2200205 i 4500001000300000100003200003245007900035260002100114040000800135041000800143080000700151080000800158080001000166080001000176942000700186008004100193999001700234856009800251952004900349bg1 aBańka, Józefd(1934- ). 0aHumanizacja techniki :bgłówne kierunki eutyfroniki /cJózef Bańka. aKatowice,c1976. cBPK apol a62 a316 a613.8 a159.9 cKS s pl f |000 0 pol  c16902d16902 uhttp://koha.tu.koszalin.pl/cgi-bin/koha/opac-detail.pl?biblionumber=16902yKatalog online BPK 00104070aBPKbBPKcwo21385p01246476yKS